Tilastot visalle Ihmisen biologia

Klikkaa tästä pelataksesi tätä visaa!

Yleistilastot

  • Tätä visaa on pelattu 121 kertaa
  • Keskiarvotulos 5 / 10

Vastaustilastot

Mitä tiedät ihmisen biologiasta?Answer% Oikein
Mikä on ihmisen suurin sisäelin?maksa
90%
Mikä on nimeltään ison verenkierron suurin valtimo?aortta
66%
Mikä on nimeltään soluelin, jossa soluhengitys tapahtuu?mitokondrio
58%
________ eli verenvähyys on tila, jossa yksilön veren hapenkuljetuskapasiteetti keuhkoista kudoksiin on heikentynyt.Anemia
49%
Mikä on nimeltään kahden hermosolun välillä oleva hermoliitos?synapsi
45%
Mikä on nimeltään kierteinen elin, joka sisältää nestettä ja varsinaiset kuuloaistinsolut?simpukka
44%
Mitkä ovat pienimpiä soluja ihmiskehossa?punasolut
39%
Mikä osa aivoissa erittää vereen melatoniinia?käpyrauhanen
36%
Mitkä haiman erittämät aineet huolehtivat ravinnon pilkkoutumisesta ruuansulatuksessa?entsyymit
28%
Mikä on ihmiskehon kovinta kudosta?kiille
16%

Tulosjakauma

Persentiili vastausten määrän mukaan

Jokaisen tuloksen saaneiden osuus

Tuloshistoriasi

Et ole pelannut tätä visaa